La Semana Santa en Castilla y en Levante / (Registro nro. 128366)

Detalles MARC
000 -LEADER
campo de control de longitud fija 00677nam a2200193 i 4500
001 - NÚMERO DE CONTROL
campo de control 128366
003 - IDENTIFICADOR DE NÚMERO DE CONTROL
campo de control ES-MaACL
005 - FECHA Y HORA DE LA ÚLTIMA TRANSACCIÓN
campo de control 20230906193242.0
007 - CAMPO FIJO DE DESCRIPCIÓN FÍSICA--INFORMACIÓN GENERAL
campo de control de longitud fija t|
008 - DATOS DE LONGITUD FIJA--INFORMACIÓN GENERAL
campo de control de longitud fija 070702s1908 sp ||||1| spa d
100 1# - ENTRADA PRINCIPAL--NOMBRE DE PERSONA
Nombre de persona García-Valiente, César.
9 (RLIN) 55366
245 13 - MENCIÓN DEL TÍTULO
Título La Semana Santa en Castilla y en Levante /
Mención de responsabilidad, etc. [César García-Valiente].
260 ## - PUBLICACIÓN, DISTRIBUCIÓN, ETC.
Lugar de publicación, distribución, etc. [Toledo :
Nombre del editor, distribuidor, etc. s.n.,
Fecha de publicación, distribución, etc. 1908]
300 ## - DESCRIPCIÓN FÍSICA
Extensión 21 p. ;
Dimensiones 18 cm.
594 ## - Nota al título y mención de responsabilidad
Nota al título y mención de responsabilidad Ejemplar sin port., autor tomado de la dedicatoria.
650 04 - PUNTO DE ACCESO ADICIONAL DE MATERIA--TÉRMINO DE MATERIA
Término de materia o nombre geográfico como elemento de entrada Semana Santa-
Subdivisión geográfica Castilla.
9 (RLIN) 171172
650 #4 - PUNTO DE ACCESO ADICIONAL DE MATERIA--TÉRMINO DE MATERIA
Término de materia o nombre geográfico como elemento de entrada Semana Santa-
Subdivisión geográfica Comunidad Valenciana.
9 (RLIN) 171173
852 ## - LOCALIZACIÓN
Ubicación ES-MaACL
Número de control de estantería L-4899(6-7)
Nota libre - Dedicatoria autógrafa del autor
-- - Donativo Roda
Existencias
Estatus retirado Estado de pérdida Estado de daño No para préstamo Biblioteca de origen Biblioteca actual Ubicación en estantería Fecha de adquisición Fuente de adquisición Total de préstamos Signatura topográfica completa Código de barras Visto por última vez Precio de reemplazo Tipo de ítem Koha
        Biblioteca del Ateneo de Madrid Biblioteca del Ateneo de Madrid Depósito 2 17/01/2008     L-4899(6-7) 1133694 23/02/2023 23/02/2023 Libro impreso